Comedias (Registro nro. 19537)
[ vista simple ]
| 000 -CABECERA | |
|---|---|
| Longitud fija campo de control | 00783nam a22002171i 4500 |
| 001 - NÚMERO DE CONTROL | |
| Número de control | bimo0001441361 |
| 003 - IDENTIFICADOR DELl NÚMERO DE CONTROL | |
| Identificador del número de control | OSt |
| 005 - FECHA Y HORA DE LA ÚLTIMA TRANSACCIÓN | |
| Fecha y hora de la última transacción | 20150313105410.0 |
| 008 - CÓDIGOS DE INFORMACIÓN DE LONGITUD FIJA | |
| Códigos de información de longitud fija | 981210s1956 mx spa |
| 040 ## - FUENTE DE LA CATALOGACIÓN | |
| Centro transcriptor | BMC |
| 082 ## - NÚMERO DE LA CLASIFICACIÓN DECIMAL DEWEY | |
| Númeroo de clasificación | 823 |
| 100 1# - PUNTO DE ACCESO PRINCIPAL-NOMBRE DE PERSONA | |
| Nombre de persona | Shakespeare, William |
| Fechas asociadas al nombre | 1564-1616 |
| 9 (RLIN) | 68 |
| 245 10 - MENCIÓN DE TÍTULO | |
| Título | Comedias |
| Resto del título | : El mercader de Venecia; Como gustéis; Noche de reyes; La tempestad |
| Mención de responsabilidad, etc. | Shakespeare ; estudio preliminar por Ezequiel Martínez Estrada ; traducciones de Jaime Clark, revisadas |
| 260 ## - PUBLICACIÓN, DISTRIBUCIÓN, ETC. (PIE DE IMPRENTA) | |
| Lugar de publicación, distribución, etc. | Buenos Aires [etc.] |
| Nombre del editor, distribuidor, etc. | W.M. Jackson |
| Fecha de publicación, distribución, etc. | 1956 |
| 300 ## - DESCRIPCIÓN FÍSICA | |
| Extensión | XLVI, 368 p., 1 h. |
| Dimensiones | 21 cm |
| 490 0# - MENCIÓN DE SERIE | |
| Mención de serie | Clásicos Jackson |
| Designación de volumen o secuencia | 16 |
| 650 24 - PUNTO DE ACCESO ADICIONAL DE MATERIA - TÉRMINO DE MATERIA | |
| 9 (RLIN) | 11162 |
| Término de materia o nombre geográfico como elemento inicial | Novela inglesa |
| 700 1# - PUNTO DE ACCESO ADICIONAL - NOMBRE DE PERSONA | |
| Nombre de persona | Martínez Estrada, Ezequiel |
| 9 (RLIN) | 31799 |
| Fechas asociadas al nombre | 1895-1964 |
| 700 1# - PUNTO DE ACCESO ADICIONAL - NOMBRE DE PERSONA | |
| Nombre de persona | Clark, Jaime |
| 9 (RLIN) | 32623 |
| 942 ## - ENTRADA DE ELEMENTOS AGREGADOS (KOHA) | |
| Fuente de clasificaión o esquema | Dewey Decimal Classification |
| Koha [por defecto] tipo de item | 1- Monografias |
| Parte de clasificación | ahoj |
| Suprimido | Perdido | Fuente de clasificación o esquema | Estropeado | Restricciones de uso | No para préstamo | Código de colección | Localización permanente | Localización actual | Localización en estanter&íacute;as | Fecha adquisición | Fuente de adquisición | Número de inventario | Préstamos totales | Signatura completa | Código de barras | Fecha última consulta | Coste, precio reemplazado | Fecha del precio de reemplazo | Tipo de item de Koha |
|---|---|---|---|---|---|---|---|---|---|---|---|---|---|---|---|---|---|---|---|
| NULL | NULL | Dewey Decimal Classification | NULL | Prestable | NULL | NULL | Biblioteca Miguel de Cervantes - UNICAES | Biblioteca Miguel de Cervantes - UNICAES | Sala Principal | 14/03/2015 | Donación - Marco Rene Revelo | 029021 | N SHA com | 1029652 | 14/03/2015 | 24.00 | 14/03/2015 | 1- Monografias |